00437cam a22001217a 4500008004000000082001500040100001900055245015100074260003100225300001000256650001900266650003000285180718b1996 xxu||||| |||| 00| 0 eng d aA6x54 M422 aMathur, Sobhag aHindu revivalism and the Indian national movement: a documentary study of the ideals and policies of the Hindu Mahasbha, 1939-45cby Sobhag Mathur aJodhpurbKusumanjalic1996 a243p. aHindu Mahasbha aIndia - History - 1934-45